Guess the Hamilton Song #43 - Statistics

General Stats
  • This quiz has been taken 720 times
  • The average score is 220 of 459
Answer Stats
Lyric % Correct
a
98%
I
97%
the
91%
The
91%
You
89%
Hamilton,
80%
It
80%
it
80%
it,
80%
on
79%
To
79%
to
79%
your
79%
be
77%
We
77%
we
77%
and
76%
And
76%
in
76%
he
75%
have
73%
is
71%
no
68%
Washington
67%
So
66%
nice,
65%
nice
65%
side
65%
where
64%
must
63%
his
62%
has
61%
of
61%
how
60%
me
58%
what
58%
I'm
56%
This
52%
this
52%
can,
49%
for
49%
If
49%
our
49%
Our
49%
its
48%
not
48%
you're
47%
am
45%
See
45%
see
45%
Every
42%
every
42%
at
41%
him
40%
him,
40%
some
40%
don't
38%
we're
38%
were
38%
Look
37%
look
37%
action
35%
equal
35%
reaction
35%
opposite
33%
As
32%
cabinet,
32%
can't
32%
Follow
32%
follow
32%
out
32%
up
32%
us
32%
all
31%
Oh!
30%
from
28%
Somebody
28%
somebody
28%
eyes
27%
goes
27%
he's
27%
like
27%
South
27%
get
26%
Get
26%
money
26%
I'll
25%
into
25%
isn't
25%
Try
25%
Thanks
24%
back
23%
government
23%
immigrant
23%
size
23%
size?
23%
(Which
23%
with
23%
wrote!)
23%
got
22%
lies
22%
there's
22%
watching,
22%
watching
22%
Bill
21%
Democratic-
21%
down
21%
'em
20%
fire
20%
gon'
20%
gun
20%
pocket
20%
Republicans
20%
Rights
20%
Well,
20%
chose
19%
factions
19%
fractions
19%
fractured
19%
hasn't
19%
house
19%
ink
19%
inside
19%
kid
19%
stand
19%
way
19%
cabinet's
18%
dried
18%
mouth
18%
put
18%
someone
18%
Southern
18%
doubled
17%
listen
17%
live
17%
motherfucking
17%
previous
16%
While
16%
fashion
15%
leads
15%
Now
15%
other
15%
satisfaction
15%
they're
15%
toes
15%
cock
14%
each
14%
fits
14%
keeping
14%
last,
14%
resign
14%
under
14%
witnessing
14%
breaking
13%
complicit
13%
dresses
13%
farmers,
13%
load
13%
passion
13%
pits
13%
press,
13%
print
13%
Street
13%
stress,
13%
Wasn't
13%
won't
13%
citizens,
12%
crack
12%
pull
12%
ration
12%
retractions
12%
robs
12%
scent
12%
smack
12%
trigger
12%
Wall
12%
blind
11%
clothes
11%
enterprise
11%
give
11%
Let's
11%
much
11%
power
11%
trying
11%
against
10%
cash
10%
chips
10%
difference,
10%
dirt
10%
douse
10%
Emperor
10%
kiss
10%
poorest
10%
show
10%
Still,
10%
grabbing
9%
Hamilton's
9%
misdeeds
9%
primps
9%
unmask
9%
Because
8%
bring
8%
credit
8%
immigrant's
8%
preens
8%
search
8%
stop
8%
treasury
8%
trouble
8%
disciplined
7%
grows
7%
prick
7%
denied
6%
dissidents
6%
making
6%
national
6%
task
6%
competitive
5%
Federalists
5%
invisible
5%
second,
5%
vacuous
5%
aid
4%
Centralizing
4%
mask
4%
seeds
4%
abet
3%
weeds,
3%
looking
0%
No matching quizzes found
Score Distribution
Percent of People with Each Score
Percentile by Number Answered
Your Score History
You have not taken this quiz